History Quiz

Random History or Decade Quiz

US Populous Cities 1880 Quiz Stats

 Plays Quiz Updated Nov 11, 2016

Challenge
Share
Tweet
Embed
Score 0/100 Timer 12:00
5 Plays Today
Population City % Correct
1,206,299New York
99.6%
503,185Chicago
96.3%
362,839Boston
95.4%
847,170Philadelphia
95.1%
147,293Washington
92.5%
233,959San Francisco
88.1%
216,090New Orleans
87.2%
156,389Pittsburgh
86.5%
332,313Baltimore
86.2%
160,146Cleveland
85.5%
350,518St. Louis
85.1%
90,758Albany
84%
116,340Detroit
83.2%
155,134Buffalo
80%
37,409Atlanta
78.7%
244,139Cincinnati
77.9%
75,056Indianapolis
77.2%
104,857Providence
74.2%
51,647Columbus
72.8%
43,350Nashville
71.3%
123,759Louisville
70.2%
136,508Newark
69.7%
29,910Trenton
69.3%
46,887Minneapolis
68.8%
63,600Richmond
68.5%
42,015Hartford
67.2%
115,587Milwaukee
67.2%
35,629Denver
67%
55,785Kansas City
65.3%
49,984Charleston
64.8%
33,340Springfield
63.7%
20,730Springfield
63.7%
19,743Springfield
63.7%
41,473St. Paul
63.5%
Population City % Correct
33,592Memphis
63.1%
566,663Brooklyn
56.3%
30,762Harrisburg
55.9%
89,366Rochester
55%
51,792Syracuse
53.6%
120,722Jersey City
53%
22,408Des Moines
52.7%
20,550San Antonio
52.3%
21,420Sacramento
51.9%
33,810Portland
50.8%
20,769Salt Lake City
49.6%
30,709Savannah
44.7%
62,882New Haven
43.3%
50,137Toledo
42.4%
45,850Scranton
40.1%
34,555Oakland
39.8%
30,518Omaha
39.7%
21,891Augusta
38.1%
27,737Erie
37.9%
42,478Wilmington
37.2%
38,678Dayton
36.3%
29,132Mobile
34.9%
58,291Worcester
33.6%
21,966Norfolk
31.1%
52,669Cambridge
30.6%
32,630Manchester
26.7%
26,880Fort Wayne
26.6%
27,563Salem
26.4%
32,016Grand Rapids
25.3%
41,659Camden
25%
27,643Bridgeport
24.7%
59,475Lowell
23.5%
33,914Utica
21.6%
23,339Wilkes-Barre
21%
Population City % Correct
30,737Wheeling
20.8%
20,433Newport
19.5%
22,248Galveston
19.1%
29,259Peoria
19%
28,229Elizabeth
18.2%
43,278Reading
17.8%
51,031Paterson
16.8%
30,999Hoboken
16.4%
56,747Troy
15.9%
21,831Davenport
15.8%
29,280Evansville
15.3%
25,769Lancaster
14.9%
48,961Fall River
14.1%
27,268Quincy
13.8%
26,845New Bedford
13.3%
38,274Lynn
11.2%
32,431St. Joseph
10.8%
20,207Poughkeepsie
10.4%
22,254Dubuque
10.4%
26,042Terre Haute
9.8%
39,151Lawrence
9.5%
78,682Allegheny
8.8%
24,933Somerville
6.9%
29,720Covington
6.4%
20,541Elmira
5.9%
21,656Petersburg
5.6%
21,924Auburn
4.8%
21,915Holyoke
4.1%
21,213Taunton
3.7%
21,116Oswego
3.3%
20,693Bay City
3%
21,782Chelsea
3%

You're not logged in!

Compare scores with friends on all Sporcle quizzes.
OR
Log In

You Might Also Like...

Show Comments

Extras

Top Quizzes Today


Score Distribution

Your Account Isn't Verified!

In order to create a playlist on Sporcle, you need to verify the email address you used during registration. Go to your Sporcle Settings to finish the process.

Report this User

Report this user for behavior that violates our Community Guidelines.

Details: